000 00407nam a2200157 a 4500
005 20140414132139.0
008 131001s19uu xx 00 eng d
020 _a9780590552370
050 _aTR E
_bLio763 1994
100 _aLionni, Leo
245 _aAn Extraordinary egg.
260 _aNew York :
_bScholastic, Inc,
_cc1994.
300 _a31
650 _aEgg-extraodinary-
_xfiction.
999 _c115331
_d115331